Louise Ellison Ordahl Tudatosság és tanulás : [beszámoló] /

Elmentve itt :
Bibliográfiai részletek
Szerző: Ordahl Louise Ellison
Dokumentumtípus: Cikk
Megjelent: 1912
Sorozat:Magyar pedagógia : a Magyar Tudományos Akadémia Pedagógiai Bizottságának folyóirata 21
Kulcsszavak:Tanulás pszichológia kísérletek felmérések, Lapszemle
Online Access:http://misc.bibl.u-szeged.hu/8988
LEADER 00731nab a2200181 i 4500
001 misc8988
005 20191106143641.0
008 170607s1912 hu o 0|| hun d
022 |a 0025-0260 
040 |a SZTE Miscellanea Repozitórium  |b hun 
041 |a hun 
100 1 |a Ordahl Louise Ellison 
245 1 0 |a Louise Ellison Ordahl  |h [elektronikus dokumentum] :  |b Tudatosság és tanulás : [beszámoló] /  |c  Ordahl Louise Ellison 
260 |c 1912 
300 |a 310-311 
490 0 |a Magyar pedagógia : a Magyar Tudományos Akadémia Pedagógiai Bizottságának folyóirata  |v 21 
695 |a Tanulás pszichológia kísérletek felmérések, Lapszemle 
856 4 0 |u http://misc.bibl.u-szeged.hu/8988/1/mp_1912_1786_310-311.pdf  |z Dokumentum-elérés